[Event "Lippe Cup 06th"]
[Site "Lieme"]
[Date "2009.10.17"]
[Round "2"]
[White "Pecher, Karl"]
[Black "Kenter, Jan Theodor"]
[Result "0-1"]
[WhiteElo "1566"]
[BlackElo "1694"]
[PlyCount "96"]
[EventDate "2009.10.16"]
[EventType "swiss"]
[EventRounds "5"]
[EventCountry "GER"]
[SourceTitle "EXT 2012"]
[Source "ChessBase"]
[SourceDate "2011.11.24"]
[SourceVersion "1"]
[SourceVersionDate "2011.11.24"]
[SourceQuality "1"]

1. c4 Nf6 2. Nc3 e6 3. g3 d5 4. cxd5 exd5 5. d4 c6 6. Bg2 Bd6 7. Nf3 0-0 8. 0-0 Bf5 9. Nh4 Qc8 10. Nxf5 Qxf5 11. f3 Bc7 12. e4 dxe4 13. fxe4 Qe6 14. Bg5 Nbd7 15. e5 Nd5 16. Be4 Nxc3 17. bxc3 Bb6 18. Qh5 f5 19. Bc2 g6 20. Qh6 Qxe5 21. Rae1 Bxd4+ 22. cxd4 Qxd4+ 23. Rf2 Ne5 24. Be3 Qc3 25. Qf4 Qxe1+ 26. Kg2 Rfe8 27. Bb3+ Kh8 28. Rf1 Qe2+ 29. Rf2 Qd3 30. Bc2 Qd5+ 31. Kh3 Rad8 32. Rd2 Qa5 33. Rxd8 Qxd8 34. Bd4 Qd5 35. Qh4 c5 36. Qf6+ Kg8 37. Bb3 c4 38. Bxe5 Rxe5 39. Bxc4 Qxc4 40. Qxe5 Qg4+ 41. Kg2 Qe4+ 42. Qxe4 fxe4 43. Kf2 Kf7 44. Ke3 Ke6 45. Kxe4 Kd6 46. Kd4 b5 47. a4 bxa4 48. Kc4 a5 0-1